000 02057nam a22002777a 4500
999 _c62698
_d62698
003 Ge_BSU
005 20250124113935.0
008 250124s2024 ge ||||| |||| 00| 0 geo d
020 _a9789941869679
041 _ageo
080 _a339.5(479.22) ჩ-72
100 _aჩიხლაძე, ნიკო
_924110
245 _aსაერთაშორისო ვაჭრობის თანამედროვე გამოწვევები: საქართველოს კონტექსტი :
_b[მონოგრაფია] /
_cნიკო ჩიხლაძე, გოჩა უგულავა; რედაქტორი გოჩა თუთბერიძე; ყდის დიზაინი: მარიამ კუხიანიძე და დაჩი კობახიძე; ქუთაისის უნივერსიტეტი, ეკონომიკის კვლევითი ინსტიტუტი.
264 _aქუთისი,
_bქუთაისის უნივერსიტეტი,
_c2024.
300 _a124 გვ. :
_bნახ., ცხრ. ;
_c24,5 სმ.
504 _aბიბლიოგრაფია თავების ბოლოს.
520 _a რეზიუმე ინგლისურ ენაზე.
653 _aსაერთაშორისო ვაჭრობა
653 _aსაერთაშორისო ვაჭრობა
700 _aუგულავა, გოჩა
_eავტორი
_919441
700 _aთუთბერიძე, გოჩა
_eრედაქტორი
_91688
700 _aკუხიანიძე, მარიამ
_eყდის დიზაინერი
_924111
700 _aკობახიძე, დაჩი
_eყდის დიზაინერი
_924112
710 _aქუთაისის უნივერსიტეტი
_b ეკონომიკის კვლევითი ინსტიტუტი
_924113
942 _2udc
_cBK